00916nam a2200217 a 450000100100000000500170001000800410002704000250006808200150009324500950010826000610020330000270026450000610029170000450035270000440039770000410044170000450048270000410052795201130056899900170068100004544620240316073905.0150325s2003 dr a 000 0 spa d aDO-SdBNPbspacBNPHU axxxxbxxxx00aCarnaval y sociedad /cMarcio Veloz Maggiolo ... [et al.]. ; prólogo José G. Guerrero. aSanto Domingo :bComisión Nacional de Carnaval,c2003. a79 p. :bil. ;c21 cm. aLa biblioteca posee 1 ejemplar autografiado por el autor12aVeloz Maggiolo, Marcio,d1936-20219110412aDeive, Carlos Esteban,d1935-20199191612aLizardo, Fradique,d1930-199796202712aTejeda Ortíz, Dagoberto, d1940-9157512aGuerrero, José G.,epról.918729 0010718PDaPDbPDcCTd2015-03-25iLF1l0oxxxx xxxxp45446-10r2020-06-25w2020-06-25yLFPDZNo se presta c44935d44935